000 00941nam a2200253 i 4500
001 8225
003 ES-MaACL
005 20230906145417.0
007 t|
008 920309s1991 sp ||||1| spa d
020 _a2-03-451341-X
080 _a46.3=2
080 _a42.3=6
245 0 0 _aLarousse gran diccionario
_b: español-ingles /
_cdirigido y realizado por Ramón García-Pelayo y Gross con la colaboración de Micheline Durand, Barry Tulett y de Fernando García-Pelayo.
260 _aParis :
_bLarousse,
_ccop. 1991.
300 _a1542, [XLIV] p., [16] p. de lám. ;
_c29 cm.
650 1 4 _aLengua española-
_vDiccionarios-
_xInglés.
_914142
650 1 4 _aLengua inglesa-
_vDiccionarios-
_xEspañol.
_914270
700 1 _aGarcía-Pelayo y Gross, Ramón.
_955096
700 1 _aDurand, Micheline.
_946256
700 1 _aTulett, Barry.
_9111665
700 1 _aGarcía-Pelayo, Fernando.
_955090
852 _aES-MaACL
_jL-15414
_bR.120009
999 _c8225
_d8225